000 02566nam a2200217Ia 4500
003 OSt
005 20241109105302.0
008 210210b2003 xxu||||| |||| 00| 0 eng d
040 _cAL
041 _aKannada
082 _aK894.8 SAMA
100 _aSrinivasa Havanuru & Others
_9151157
_dಶ್ರೀನಿವಾಸ ಹಾವನೂರು
245 _aSamagra dasa sahitya: samputa; 24, Shri Varahatimmappa hagu ithara dakshina kannadadavara kirtanegalu.
_bಸಮಗ್ರ ದಾಸ ಸಾಹಿತ್ಯ : ಸಂಪುಟ ೨೪,ಶ್ರೀ ವರಹಾತಿಮ್ಮಪ್ಪ ಹಾಗು ಇತರ ದಕ್ಷಿಣ ಕನ್ನಡದವರ ಕೀರ್ತನೆಗಳು
260 _aBengaluru
_bKannada mattu Samskrati Nirdeshanalalya
_c2003
300 _a83,472
520 _a‘ಸಮಗ್ರ ದಾಸ ಸಾಹಿತ್ಯ ಸಂಪುಟ-24’ ಕನ್ನಡ ಮತ್ತು ಸಂಸ್ಕೃತಿ ನಿರ್ದೇಶನಾಲಯದ ದಾಸ ಸಾಹಿತ್ಯ ಮಾಲಿಕೆಯಲ್ಲಿ ಪ್ರಕಟವಾದ ಕೃತಿ. ಈ ಕೃತಿಯನ್ನು ದಿ.ಪ್ರೊ.ಎಂ. ರಾಜಗೋಪಾಲಾಚಾರ್ಯ ಹಾಗೂ ಲೇಖಕ ಡಾ.ಶ್ರೀನಿವಾಸ ಹಾವನೂರ ಅವರು ಸಂಪಾದಿಸಿದ್ದಾರೆ. ಇಲ್ಲಿ ಮುನ್ನುಡಿ, ಎರಡು ಮಾತು, ಯೋಜನೆಯನ್ನು ಕುರಿತು, ಪ್ರಕಾಶಕರ ಮಾತು, ಸಂಪಾದಕ ಮಂಡಳಿಯ ನುಡಿ, ಪ್ರಸ್ತಾವನೆ, ಕೀರ್ತನೆಗಳ ಕ್ರಮಸೂಚಿ, ಕೀರ್ತನೆಗಳು- ಶ್ರೀ ವಿಶ್ವೇಂದ್ರತೀರ್ಥರ ಕೀರ್ತನೆಗಳು, ಶ್ರೀವರಾಹತಿಮ್ಮಪ್ಪ ಅವರ ರಚನೆಗಳು, ಶ್ರೀಸದಾನಂದರ ಕೀರ್ತನೆಗಳು, ಶ್ರೀ ಬೆಳ್ಳೆ ದಾಸಪ್ಪಯ್ಯರ ಪದಗಳು, ಶ್ರೀಗೋವಿಂದದಾಸರ ಕೃತಿಗಳು, ಅನ್ಯ ದಾಸರ ಬಿಡಿ ರಚನೆಗಳು ಸಂಕಲನಗೊಂಡಿದ್ದು, ಅನುಬಂಧದಲ್ಲಿ ಕಠಿಣ ಶಬ್ದಗಳ ಅರ್ಥ, ಟಿಪ್ಪಣಿಗಳು, ಅಂಕಿತನಾಮ ಸೂಚಿ, ವಿಶಿಷ್ಟ ಪದ ಸೂಚಿ, ಹಾಗೂ ಕೀರ್ತನೆಗಳ ಆಕಾರಾದಿ ಸೂಚಿ ಸಂಕಲನವಾಗಿವೆ.
650 _aSouth Kanara /South Canara
_9151158
690 _aKannada Miscellaneous
_9151159
906 _a059399
942 _2ddc
_cBK
999 _c106326
_d106326